000 00484nam a22001937a 4500
003 LK-CoDNM
005 20250205145948.0
008 250131b |||||||| |||| 00| 0 eng d
040 _aLK-CoDNM
_dLK-CoDNM
_eLK-CoDNM
041 _aeng
080 _a109
100 _aCoope,Robert
245 _aWheeler and Jack's Handbook of Medicine
250 _aeleventh
260 _aedinburgh
_blivingstone ltd.
_c1950
300 _a647p. : ill ; 24 cm
650 _ascience
942 _cBK
999 _c237835
_d237835